ALL Pagani Zondas - Statistics

General Stats
  • This quiz has been taken 7 times
    6 since last reset
  • The average score is 20 of 65
Answer Stats
Answer % Correct
Zonda HP Barchetta
83%
Zonda Cinque
67%
Zonda Cinque Roadster
67%
Zonda F
67%
Zonda R
67%
Zonda C12
50%
Zonda F Roadster
50%
Zonda LM
50%
Zonda LM Roadster
50%
Zonda Revolucion
50%
Zonda S Roadster
50%
Zonda Tricolore
50%
Zonda C12-S
33%
Zonda 750
33%
Zonda 764 Passione
33%
Zonda Absolute Evo
33%
Zonda Aether Roadster
33%
Zonda AG Roadster
33%
Zonda C12 Roadster
33%
Zonda C12-S Roadster
33%
Zonda Danubio
33%
Zonda Fantasma Evo
33%
Zonda GJ
33%
Zonda GR
33%
Zonda King
33%
Zonda Kiryu Roadster / 希竜
33%
Zonda LH
33%
Zonda MD
33%
Zonda MY
33%
Zonda MY Roadster
33%
Zonda PS
33%
Zonda Riviera
33%
Zonda RS
33%
Zonda Sapphire
33%
Zonda Unica Roadster
33%
Zonda Venti Roadster
33%
Zonda Viola
33%
Zonda Zun Roadster
33%
Zonda 760 Roadster
17%
Zonda Apex Evo Roadster
17%
Zonda Arrivederci! Roadster
17%
Zonda AY Roadster
17%
Zonda C12-S Monza
17%
Zonda Diamante Verde Roadster
17%
Zonda F Clubsport
17%
Zonda F Clubsport Roadster
17%
Zonda F Roadster Final Edition
17%
Zonda Hermes Roadster
17%
Zonda HH Roadster
17%
Zonda JC
17%
Zonda KAQ
17%
Zonda Kunlun / 崑崙
17%
Zonda La Nonna
17%
Zonda Mileson
17%
Zonda Monza
17%
Zonda Nero
17%
Zonda Oliver Evo Coupe
17%
Zonda Oliver Evo Roadster
17%
Zonda Revo Barchetta
17%
Zonda Roadster F Clubsport Final Edition
17%
Zonda S 7.0
17%
Zonda S 7.3
17%
Zonda Uno
17%
Zonda VR
17%
Zonda Zozo
17%
No matching quizzes found
Score Distribution
Percent of People with Each Score
Percentile by Number Answered
Your Score History
You have not taken this quiz since the last reset